00765nam a22002057a 4500999001900000005001700019010001300036020002600049035001200075037001300087082001100100100002600111245006500137246005000202260005300252270005900305300002600364942003300390952013600423 c197348d19734820230822121116.0 aUR-12150 a9789395400664c600.00 aU-10705 bDBAD/PUB a954.53 aحفظ الرحمان aتز کرہ صو فیا ء بہار /cحفظ الرحمان aTazkirah-E-Sufiya-E-Bihar /bby Hifzur Rahman aNew DelhibEducational Publishing Housec2023 ء aH.o. D1/16, Ansari Road, Darya GanjbNew Delhie110002 a442 صc23cm(Hb)  2ddccURmح ف ظe h954.53 001040708NFICaMPbMPd2023-08-22eDBAD/PUBg600.00l0o954.53 ح ف ظpU-10705r2023-08-22 00:00:00t1v600.00w2023-08-22yUR